LIBRARY & INFORMATION CENTRE, KCAET, TAVANUR

ONLINE PUBLIC ACCESS CATALOGUE (OPAC)

Normal view MARC view
  • NIRANJAN P J

Entry Personal Name

Number of records used in: 1

001 - CONTROL NUMBER

  • control field: 7898

003 - CONTROL NUMBER IDENTIFIER

  • control field: OSt

005 - DATE AND TIME OF LATEST TRANSACTION

  • control field: 20260307135814.0

008 - FIXED-LENGTH DATA ELEMENTS

  • fixed length control field: 260307|| aca||aabn | a|a d

040 ## - CATALOGING SOURCE

  • Original cataloging agency: OSt
  • Transcribing agency: OSt

100 ## - HEADING--PERSONAL NAME

  • Personal name: NIRANJAN P J

670 ## - SOURCE DATA FOUND

  • Source citation: Work cat.: (OSt)19624: FATHIMA RINSHA K 7895, ULTRASOUND-ASSISTED EXTRACTION, OPTIMIZATION AND MICROENCAPSULATION OF BIOACTIVE COMPOUNDS FROM INDIAN BAEL LEAVES, 2025
free website counter